Score 0/20 Timer 05:00
3 Plays Today
% Correct
King Kong
96.5%
Gone with the Wind
92.4%
Casablanca
90.8%
The Ten Commandments
88.4%
Rear Window
77.7%
To Kill a Mockingbird
76.1%
Bonnie and Clyde
70.1%
Spartacus
67.2%
The Sting
61.9%
The Great Escape
57.7%
% Correct
Inglourious Basterds
54.6%
Citizen Kane
43%
12 Angry Men
40.4%
Double Indemnity
19.2%
Mr. Smith Goes to Washington
18.3%
White Heat
13.7%
Little Caesar
10.2%
The Hunchback of Notre Dame
10.1%
The Hustler
3.6%
Witness for the Prosecution
1.4%
Remove Ads.
Support Sporcle.
Get the best of Sporcle when you Go Orange. This ad-free experience offers more features, more stats, and more fun while also helping to support Sporcle. Thank you for becoming a member.

You're not logged in!

Compare scores with friends on all Sporcle quizzes.
OR
Log In

Show Comments

Extras

Top Quizzes Today


Score Distribution

Your Account Isn't Verified!

In order to create a playlist on Sporcle, you need to verify the email address you used during registration. Go to your Sporcle Settings to finish the process.

Report this User

Report this user for behavior that violates our Community Guidelines.

Details: